000 01300cam a2200325I 4500
001 thisismyheritage00schm
003 CaSfIA
005 20210119102515.0
007 cr||||
008 751015s1953 nyu 000 1 eng
010 _a 53006812
040 _aDLC
_cDZM
_dOCL
_dUKM
_dMUS
_dCaSfIA
015 _aGB58-3759
035 _a(OCoLC)1705594
050 0 4 _aPZ7.S356
092 _aJ
_bS35343th
100 1 _aSchmidt, Sarah Lindsay.
245 1 0 _aThis is my heritage.
_h[electronic resource]
260 _aNew York,
_bAbelard Press
_c[1953]
300 _a242 p.
_c22 cm.
651 0 _aColorado
_vJuvenile fiction.
650 0 _aFarm life
_vJuvenile fiction.
029 1 _aUKM
_bb5803759
029 1 _aAU@
_b000026903342
856 4 1 _uhttp://www.archive.org/details/thisismyheritage00schm
_zFree eBook from the Internet Archive
856 4 2 _uhttp://www.openlibrary.org/books/OL6133928M
_zAdditional information and access via Open Library
942 _cEB
506 _fНеобхідна авторизація на https://archive.org/ (створення облікового запису безкоштовно)
506 _fНеобхідна авторизація на https://openlibrary.org/ (створення облікового запису безкоштовно)
999 _c556969
_d556969